000
00352nam a2200157Ia 4500
005
20250425161249.0
008
250425s9999 xx 000 0 und d
041
_a
spa
082
_a
IBM4381
245
0
_a
KARATE: UN CAMINO HACIA EL PODER
250
_a
S.E.
260
_a
S.L.
260
_a
Sin Pais
_b
S.E.
_c
1981
942
_c
01
010
_a
16437
999
_c
205724
_d
205724